| 000 | 00617nam a2200193 i 4500 | ||
|---|---|---|---|
| 001 | 97333 | ||
| 003 | ES-MaACL | ||
| 005 | 20231228062657.0 | ||
| 007 | t| | ||
| 008 | 050711s1929 xxu ||||1| eng d | ||
| 100 | 1 |
_aMarañón, Gregorio, _d1887-1960 _976311 |
|
| 245 | 1 | 0 |
_aPituitrin hyperglycemia and its possible value in diagnosis / _cG. Marañón and J. Morros. |
| 260 |
_aLos Angeles : _b[s.n.], _c1929. |
||
| 300 |
_a9 h. ; _c26 cm. |
||
| 500 | _aEs tirada aparte de "Endocrinology". v. 13, nº 6, 1929, p. 564-572. | ||
| 700 | 1 |
_aMorros, J. _983695 |
|
| 852 |
_aES-MaACL _j1732-F-14 |
||
| 999 |
_c97333 _d97333 |
||